Best Players to Ever Wear a Pacers Jersey - Statistics

General Stats
  • This quiz has been taken 11 times
  • The average score is 7 of 20
Answer Stats
Hint Answer % Correct
9. Tyrese Haliburton
100%
2. Reggie Miller
89%
8. Pascal Siakam
67%
6. Jermaine O'Neal
56%
1. Paul George
56%
14. Metta World Peace
44%
20. Rik Smits
44%
16. Victor Oladipo
44%
13. Detlef Schrempf
33%
10. Domantas Sabonis
33%
11. George McGinnis
33%
5. Chris Mullin
22%
17. Mark Jackson
22%
4. Adrian Dantley
11%
18. David West
11%
3. Alex English
0%
19. Al Jefferson
0%
15. Dan Roundfield
0%
12. Peja Stojakovic
0%
7. Tim Hardaway
0%
No matching quizzes found
Score Distribution
Percent of People with Each Score
Percentile by Number Answered
Your Score History
You have not taken this quiz